[Event "35. DSenEM 65+"]
[Site "Bad Wildungen"]
[Date "2023.07.24"]
[Round "8.43"]
[White "Plewka, Manfred"]
[Black "Walther, Renate"]
[Result "1-0"]
[WhiteElo "1915"]
[BlackElo "1222"]
[PlyCount "57"]
[EventDate "2023.??.??"]
[WhiteTeam "SV VHS Rendsburg"]
[BlackTeam "SK 1911 Herzogenaurach e.V."]

1. e4 e5 2. Nf3 d5 3. exd5 Bd6 4. Nc3 Nf6 5. Bb5+ Nbd7 6. d3 O-O 7. O-O a6 8. Bc4 b5 9. Bb3 Re8 10. Ne4 Nxe4 11. dxe4 Nc5 12. Qe2 Bg4 13. c3 Nxb3 14. axb3 h6 15. h3 Bh5 16. Qd3 Qf6 17. Ne1 Kh7 18. Be3 g5 19. f3 Qg7 20. g4 Bg6 21. c4 Qf8 22. Nc2 b4 23. Ra5 Be7 24. c5 Reb8 25. Qc4 Qe8 26. Nxb4 Rb5 27. Rfa1 Rxb4 28. Qxb4 Rb8 29. Qc3 1-0

[Event "35. DSenEM 65+"]
[Site "Bad Wildungen"]
[Date "2023.07.24"]
[Round "8.44"]
[White "Blosze, Winfried"]
[Black "Berger, Volkmar"]
[Result "0-1"]
[WhiteElo "1845"]
[BlackElo "1698"]
[PlyCount "132"]
[EventDate "2023.??.??"]
[WhiteTeam "SV Koenigsspr. 1929 Grossauheim"]
[BlackTeam "Schachclub Senioren Cottbus"]

1. e4 d6 2. d4 Nf6 3. Nc3 g6 4. Nf3 Bg7 5. e5 dxe5 6. Nxe5 O-O 7. Bc4 Nbd7 8. f4 Nb6 9. Bb3 c6 10. O-O e6 11. Ne2 a5 12. a3 Nh5 13. c3 Qc7 14. Be3 Nd5 15. Qc1 Nxe3 16. Qxe3 Nf6 17. Rac1 b6 18. Qf3 Bb7 19. Qh3 Qe7 20. Qh4 c5 21. Qf2 Ba6 22. Rfd1 Rac8 23. dxc5 Bxe2 24. Qxe2 Qxc5+ 25. Qf2 Qxf2+ 26. Kxf2 Rfd8 27. Nc4 Bf8 28. Rxd8 Rxd8 29. Rd1 Rxd1 30. Bxd1 Nd5 31. g3 Be7 32. Bf3 Bd8 33. Bxd5 exd5 34. Ne3 d4 35. cxd4 f5 36. a4 Kf7 37. b3 Ke6 38. Kf3 Bf6 39. Nc2 Kd6 40. Ke3 Kc6 41. Kd3 b5 42. h3 Be7 43. g4 bxa4 44. bxa4 fxg4 45. hxg4 h5 46. gxh5 gxh5 47. Ne3 h4 48. Ng4 h3 49. Nf2 h2 50. Ke4 Bd6 51. f5 Kd7 52. Kd5 Bg3 53. Nh1 Be1 54. f6 Bc3 55. Kc4 Bd2 56. d5 Bg5 57. Kb5 Bxf6 58. Kxa5 Kd6 59. Kb5 Kxd5 60. a5 Bd4 61. a6 Ba7 62. Kb4 Kd4 63. Kb3 Ke3 64. Kc2 Kf3 65. Kd3 Kg2 66. Ke2 Kxh1 0-1

[Event "35. DSenEM 65+"]
[Site "Bad Wildungen"]
[Date "2023.07.24"]
[Round "8.46"]
[White "Kaland, Joachim"]
[Black "Zechel, Rolf-Ruediger"]
[Result "1/2-1/2"]
[WhiteElo "1458"]
[BlackElo "1731"]
[PlyCount "60"]
[EventDate "2023.??.??"]
[WhiteTeam "Koenigsspr. SC.1984 e.V."]
[BlackTeam "SK Kaltenkirchen"]

1. e4 c5 2. d3 Nc6 3. f4 d6 4. Nf3 g6 5. Be2 Bg7 6. c3 Nf6 7. O-O O-O 8. Qe1 c4 9. h3 cxd3 10. Bxd3 e6 11. Na3 a6 12. Nc2 b5 13. Bd2 Bd7 14. Ncd4 Ne7 15. Kh1 Qc7 16. Ne2 e5 17. Ng3 exf4 18. Bxf4 Bc6 19. Nd2 Nd7 20. Qe3 Ne5 21. Be2 Bb7 22. Bh6 N7c6 23. Bxg7 Kxg7 24. Qg5 Qd8 25. Nh5+ Kh8 26. Nf6 Nd7 27. Rf4 Nxf6 28. Rxf6 Kg7 29. Raf1 Ne5 30. Bf3 Qc7 1/2-1/2

[Event "35. DSenEM 65+"]
[Site "Bad Wildungen"]
[Date "2023.07.24"]
[Round "8.47"]
[White "Thielemann, Joachim"]
[Black "Hassler, Rolf"]
[Result "1-0"]
[WhiteElo "1727"]
[BlackElo "1695"]
[PlyCount "63"]
[EventDate "2023.??.??"]
[WhiteTeam "SV Eutin von 1875"]
[BlackTeam "Hellertaler Schachfreunde 1954"]

1. e4 e6 2. d4 d5 3. Nd2 dxe4 4. Nxe4 Be7 5. c3 Nf6 6. Ng3 b6 7. Be2 O-O 8. Bf3 c6 9. Bf4 Nd5 10. N1e2 Nxf4 11. Nxf4 Qc7 12. Nd3 Nd7 13. O-O Ba6 14. Re1 Rad8 15. Qc2 c5 16. d5 e5 17. Nf5 Bf6 18. d6 Qb8 19. c4 Rfe8 20. Rad1 g6 21. Ne7+ Bxe7 22. dxe7 Rxe7 23. Qc3 Rde8 24. Bc6 Qc7 25. Bxd7 Rxd7 26. b3 Bb7 27. f3 e4 28. fxe4 Rxe4 29. Nf2 Rxd1 30. Rxd1 Re6 31. Ng4 Qe7 32. Nh6+ 1-0

[Event "35. DSenEM 65+"]
[Site "Bad Wildungen"]
[Date "2023.07.24"]
[Round "8.48"]
[White "Peter, Volkhard"]
[Black "Geibel, Henning"]
[Result "1/2-1/2"]
[WhiteElo "1707"]
[BlackElo "1384"]
[PlyCount "96"]
[EventDate "2023.??.??"]
[WhiteTeam "SV Einheit Schwerin"]
[BlackTeam "Ahrensburger TSV"]

1. e4 e5 2. f4 exf4 3. Bc4 Bc5 4. d4 Be7 5. Bxf4 Nf6 6. Nc3 c5 7. Nf3 h6 8. O-O O-O 9. Kh1 cxd4 10. Nxd4 Bc5 11. Nf5 Qb6 12. Na4 Qc6 13. Nxc5 Qxc5 14. Bd3 d5 15. Bd6 Qb6 16. Bxf8 Kxf8 17. e5 Ne4 18. Bxe4 dxe4 19. Qd6+ Qxd6 20. Nxd6 Be6 21. Nxe4 Nc6 22. Nc5 Nd8 23. b3 b6 24. Nxe6+ Nxe6 25. Rad1 Ke7 26. g3 Rc8 27. Rf2 Rc5 28. Rdf1 Ng5 29. h4 Ne4 30. Rxf7+ Ke6 31. Rxg7 Rxc2 32. Rg6+ Kxe5 33. Re1 Kf5 34. g4+ Kxg6 35. Rxe4 Rxa2 36. Re6+ Kg7 37. Kg1 Ra3 38. Re3 a5 39. Kf2 a4 40. bxa4 Rxa4 41. Kf3 b5 42. Rb3 b4 43. Ke4 Kf6 44. Kd4 Ke6 45. Kc4 Ke5 46. Kb5 Ra3 47. Rxb4 Rh3 48. h5 Kf6 1/2-1/2

[Event "35. DSenEM 65+"]
[Site "Bad Wildungen"]
[Date "2023.07.24"]
[Round "8.49"]
[White "Beisinghoff, Rudolf"]
[Black "Andrijenko, Anatoliy"]
[Result "1/2-1/2"]
[WhiteElo "1610"]
[BlackElo "1803"]
[PlyCount "91"]
[EventDate "2023.??.??"]
[WhiteTeam "SV Anderssen Arolsen"]
[BlackTeam "SF Koeln-Longerich 1956"]

1. e4 c5 2. Nf3 g6 3. Nc3 Bg7 4. d4 cxd4 5. Nxd4 Nc6 6. Be3 Nf6 7. Qd2 Qc7 8. Nxc6 dxc6 9. f3 e5 10. Bh6 O-O 11. O-O-O Be6 12. h4 Rfd8 13. Qe3 Rxd1+ 14. Nxd1 Qa5 15. Nc3 Qb6 16. Qg5 Bxh6 17. Qxh6 Nh5 18. Bd3 Nf4 19. h5 Qe3+ 20. Kb1 Nxg2 21. hxg6 Qxh6 22. Rxh6 hxg6 23. Bf1 Nf4 24. Rh2 Rd8 25. Kc1 Kg7 26. b3 Rh8 27. Rxh8 Kxh8 28. a4 Kg7 29. Kd2 Kf8 30. Ke3 Ke7 31. a5 Kd6 32. b4 f5 33. Na4 Bc8 34. c4 fxe4 35. fxe4 g5 36. c5+ Kc7 37. Nc3 Ne6 38. Bc4 Bd7 39. Nd1 Nd4 40. Bd3 g4 41. Kf2 Be6 42. Ne3 b6 43. Nf5 Bxf5 44. exf5 bxc5 45. bxc5 Kd7 46. Kg3 1/2-1/2

[Event "35. DSenEM 65+"]
[Site "Bad Wildungen"]
[Date "2023.07.24"]
[Round "8.50"]
[White "Wolter, Guenter"]
[Black "Elkendorf, Werner"]
[Result "1/2-1/2"]
[WhiteElo "1775"]
[BlackElo "1578"]
[PlyCount "28"]
[EventDate "2023.??.??"]
[WhiteTeam "TSG Neustrelitz"]
[BlackTeam "Schachfreunde Drensteinfurt e. V"]

1. Nf3 c5 2. g3 Nc6 3. Bg2 g6 4. O-O Bg7 5. d3 e6 6. e4 Nge7 7. Nbd2 O-O 8. c3 b6 9. Re1 Qc7 10. Nc4 d6 11. Be3 Ba6 12. Rc1 b5 13. Na3 Rab8 14. Nc2 Rfd8 1/2-1/2

[Event "35. DSenEM 65+"]
[Site "Bad Wildungen"]
[Date "2023.07.24"]
[Round "8.51"]
[White "Schmieder, Wolfgang Ernst"]
[Black "Otten, Arnold"]
[Result "1/2-1/2"]
[WhiteElo "1754"]
[BlackElo "1494"]
[PlyCount "29"]
[EventDate "2023.??.??"]
[WhiteTeam "SK Hofgeismar"]
[BlackTeam "ESV Rot-Weiss Goettingen"]

1. d4 d5 2. Nf3 c6 3. g3 Nf6 4. Bg2 Bf5 5. a4 e6 6. b3 Bd6 7. Ba3 O-O 8. O-O Re8 9. Bxd6 Qxd6 10. Nh4 Nbd7 11. Nxf5 exf5 12. Nd2 Ne4 13. e3 Nxd2 14. Qxd2 Nf6 15. Qd3 1/2-1/2

[Event "35. DSenEM 65+"]
[Site "Bad Wildungen"]
[Date "2023.07.24"]
[Round "8.52"]
[White "Ross, Heinrich"]
[Black "Schneidereit, Manfred"]
[Result "1-0"]
[WhiteElo "1602"]
[BlackElo "1678"]
[PlyCount "154"]
[EventDate "2023.??.??"]
[WhiteTeam "SG Springer Burghaun"]
[BlackTeam "Jueterbog"]

1. e4 e5 2. Nf3 d6 3. Bc4 Bg4 4. d4 Nd7 5. Bxf7+ Ke7 6. Bb3 h6 7. Qd3 Nb6 8. dxe5 dxe5 9. Nxe5 Qxd3 10. cxd3 Nd7 11. Be3 Be6 12. Nxd7 Kxd7 13. a3 Be7 14. Nc3 c6 15. Bd1 Bf7 16. O-O b6 17. Bg4+ Kc7 18. Rac1 Nf6 19. Bf3 Rad8 20. d4 a6 21. d5 c5 22. Rfd1 Bd6 23. a4 g5 24. g3 g4 25. Be2 Kb7 26. Bd3 Be5 27. b3 h5 28. Ne2 h4 29. Bf4 Bc7 30. Bg5 Be5 31. Rb1 Rd6 32. Nf4 Nh5 33. Nxh5 Bxh5 34. Bxh4 Bf6 35. Bxf6 Rxf6 36. e5 Rfh6 37. Kg2 Be8 38. Rh1 b5 39. Be4 Bg6 40. Rbe1 Re8 41. d6+ Kc8 42. f4 gxf3+ 43. Kxf3 Kd8 44. Bxg6 Rxg6 45. axb5 axb5 46. Re4 Kd7 47. h4 Rge6 48. Rhe1 Rf8+ 49. Rf4 Rfe8 50. Rf5 Kc6 51. Kf4 c4 52. bxc4 bxc4 53. Rd1 Kd7 54. Rd5 Kc6 55. Ra5 c3 56. Rf7 Kb6 57. Ra1 Rxe5 58. Rb1+ Kc6 59. Rc7+ Kxd6 60. Rxc3 Re4+ 61. Kf3 R4e6 62. Rd1+ Ke7 63. Re3 Rf8+ 64. Ke2 Rff6 65. Rdd3 Kf7 66. Rxe6 Rxe6+ 67. Kf3 Kg6 68. Rd5 Rf6+ 69. Kg4 Rf1 70. Rd6+ Kg7 71. Kg5 Ra1 72. h5 Ra5+ 73. Kh4 Ra4+ 74. g4 Rb4 75. h6+ Kh7 76. Kh5 Rb5+ 77. g5 Rb2 1-0

[Event "35. DSenEM 65+"]
[Site "Bad Wildungen"]
[Date "2023.07.24"]
[Round "8.53"]
[White "Partsch, Manfred"]
[Black "Huber, Helmut"]
[Result "0-1"]
[WhiteElo "1478"]
[BlackElo "1661"]
[PlyCount "102"]
[EventDate "2023.??.??"]
[WhiteTeam "Potsdamer SV Mitte e.V."]
[BlackTeam "Brackweder Schachklub von 1924"]

1. d4 Nf6 2. Nf3 d6 3. b3 g6 4. Bb2 Bg7 5. e3 O-O 6. Nbd2 Bg4 7. h3 Bf5 8. Bd3 Bxd3 9. cxd3 c5 10. O-O Nc6 11. dxc5 dxc5 12. d4 cxd4 13. Nxd4 Rc8 14. Qe2 Qd7 15. Rfd1 Rfd8 16. N2f3 Nd5 17. Rd2 Nxd4 18. Bxd4 Bxd4 19. Nxd4 Qc7 20. Rc2 Qe5 21. Rac1 Rxc2 22. Rxc2 a6 23. a3 Kg7 24. b4 Qe4 25. Rc4 Nb6 26. Qc2 Qxc2 27. Rxc2 Rd7 28. f4 Nd5 29. Kf2 Kf6 30. g3 e5 31. Nf3 exf4 32. exf4 Rc7 33. Rd2 Nc3 34. Rc2 Ne4+ 35. Kg2 Rd7 36. Re2 Nc3 37. Rd2 Rxd2+ 38. Nxd2 Nb5 39. a4 Nc3 40. a5 Nd5 41. Ne4+ Ke7 42. Nc5 Nxb4 43. Nxb7 Kd7 44. Nc5+ Kc6 45. Nb3 Kb5 46. Kf2 Nc6 47. Ke2 Nxa5 48. Nd4+ Kc4 49. Nc2 Kc3 50. Kd1 Nb3 51. g4 a5 0-1

[Event "35. DSenEM 65+"]
[Site "Bad Wildungen"]
[Date "2023.07.24"]
[Round "8.54"]
[White "Schumacher, Ursula"]
[Black "Semisch, Helga"]
[Result "1-0"]
[WhiteElo "1531"]
[BlackElo "1408"]
[Annotator "hugo5"]
[PlyCount "137"]
[EventDate "2023.??.??"]
[WhiteTeam "Bad Neuenahr"]
[BlackTeam "SV Schmalkalden 04"]

1. c4 c6 2. Nc3 e6 3. e3 d5 4. d4 Bd6 5. c5 Bc7 6. Nf3 f5 7. g3 Nd7 8. Bg2 Ngf6 9. O-O O-O 10. b4 Rb8 11. Rb1 b6 12. Ng5 Qe7 13. f4 h6 14. Nf3 Ba6 15. b5 Bb7 16. a4 bxc5 17. Ba3 Ba5 18. Ne2 Ng4 19. Bc1 cxd4 20. Nexd4 e5 21. bxc6 Ba6 22. Rxb8 Nxb8 23. Nxe5 Bxf1 24. Ng6 Qc5 25. Nxf8 Kxf8 26. Bxf1 Qc3 27. Nxf5 Qxc6 28. Qxg4 Qd7 29. Ba3+ Kg8 30. Nxh6+ Kh7 31. Qxd7 Nxd7 32. Nf5 g6 33. Ne7 Nb6 34. Bd3 Bd2 35. Bxg6+ Kg7 36. Bb2+ Kf8 37. Nf5 Nxa4 38. Ba3+ Kg8 39. Kf2 Nc3 40. h4 Ne4+ 41. Kf3 Nc3 42. h5 Nb5 43. Be7 a5 44. h6 Bc3 45. h7+ Kh8 46. Bf8 a4 47. Nh6 Nd6 48. Bxd6 Kg7 49. Nf5+ Kxg6 50. Nd4 Kxh7 51. Nb5 Bb2 52. Na3 Kg6 53. g4 Kf6 54. Nb5 Ke6 55. Bf8 Kf7 56. Ba3 Bh8 57. f5 Ke8 58. Nc7+ Kd7 59. Nxd5 Kc6 60. e4 Kb5 61. Kf4 Kc4 62. Nb6+ Kb3 63. Bd6 Bd4 64. Nxa4 Kxa4 65. e5 Kb5 66. Ke4 Bc3 67. f6 Bd2 68. Kf5 Bh6 69. g5 1-0

[Event "35. DSenEM 65+"]
[Site "Bad Wildungen"]
[Date "2023.07.24"]
[Round "8.55"]
[White "Pos, Joshua"]
[Black "Bierwald, Martin"]
[Result "0-1"]
[WhiteElo "1404"]
[BlackElo "1540"]
[PlyCount "107"]
[EventDate "2023.??.??"]
[WhiteTeam "SC Papenburg"]
[BlackTeam "Koenigsspr. SC.1984 e.V."]

1. e4 e6 2. d4 d5 3. e5 c5 4. c3 Nc6 5. Nf3 Qb6 6. a3 a5 7. Be2 Bd7 8. O-O cxd4 9. cxd4 Nge7 10. Nc3 Nf5 11. Na4 Qc7 12. Be3 Nxe3 13. fxe3 Be7 14. Nd2 O-O 15. e4 Nxd4 16. Nf3 Nxe2+ 17. Qxe2 Bxa4 18. Kh1 dxe4 19. Qxe4 Bc6 20. Qc4 Qb6 21. Nd4 Bd5 22. Qc3 Rac8 23. Qd2 Bc5 24. Rf4 Bxd4 25. Rxd4 Rfd8 26. Rg4 g6 27. h4 Be4 28. Qe2 Bf5 29. Rg3 Qc5 30. h5 Qf8 31. Qe3 Rd3 32. Qf4 Rxg3 33. Qxg3 Qg7 34. hxg6 Bxg6 35. Qb3 Be4 36. Qh3 Rc2 37. Rg1 Rxb2 38. Qh2 Bxg2+ 39. Rxg2 Rxg2 40. Qxg2 Qxg2+ 41. Kxg2 Kg7 42. Kf3 Kg6 43. Kf4 h5 44. a4 h4 45. Kg4 h3 46. Kxh3 Kf5 47. Kg3 Kxe5 48. Kf3 Kd4 49. Kf4 e5+ 50. Kf3 Kd3 51. Kf2 f5 52. Ke1 f4 53. Kf1 Kd2 54. Kf2 0-1

[Event "35. DSenEM 65+"]
[Site "Bad Wildungen"]
[Date "2023.07.25"]
[Round "9.1"]
[White "Heinig, Wolfram"]
[Black "Pruefer, Friedbert"]
[Result "1/2-1/2"]
[WhiteElo "2217"]
[BlackElo "2235"]
[PlyCount "38"]
[EventDate "2023.??.??"]
[WhiteTeam "SK Zehlendorf e.V."]
[BlackTeam "TSG 1861 Taucha"]

1. c4 Nf6 2. Nc3 d5 3. d4 g6 4. Bf4 Bg7 5. e3 O-O 6. Rc1 c5 7. dxc5 Be6 8. Nf3 Qa5 9. Ng5 Ne4 10. Ngxe4 dxe4 11. Be2 Nd7 12. O-O Nxc5 13. Qc2 Rfd8 14. Rfd1 Bxc3 15. Qxc3 Qxc3 16. Rxc3 Rxd1+ 17. Bxd1 Rd8 18. Be2 Nd3 19. h3 Nxb2 1/2-1/2

[Event "35. DSenEM 65+"]
[Site "Bad Wildungen"]
[Date "2023.07.25"]
[Round "9.2"]
[White "Ackermann, Hans Werner"]
[Black "Krueger, Erich"]
[Result "1-0"]
[WhiteElo "2191"]
[BlackElo "2146"]
[PlyCount "105"]
[EventDate "2023.??.??"]
[WhiteTeam "Hammer Sportclub 2008 e. V."]
[BlackTeam "Schachfreunde Essen-Katernberg"]

1. Nf3 Nf6 2. d4 g6 3. Bg5 Bg7 4. Nbd2 d5 5. c3 O-O 6. e3 Nbd7 7. Be2 c5 8. O-O Qb6 9. Qc2 Re8 10. Rfe1 e5 11. dxe5 Nxe5 12. Qb3 Qxb3 13. axb3 Nc6 14. Bf4 h6 15. h4 Bg4 16. Bb5 Bd7 17. Red1 Ne5 18. Bxd7 Nexd7 19. Ra5 a6 20. Nf1 Re6 21. N1h2 h5 22. Nf1 Rb6 23. N1d2 Re8 24. Ne1 Bf8 25. Nd3 Ne4 26. Nxe4 dxe4 27. Nc1 Nf6 28. Kf1 Kg7 29. Ke2 Kg8 30. Rd2 Ng4 31. Ra4 f5 32. Bg3 Ne5 33. Bxe5 Rxe5 34. Kd1 Be7 35. g3 Rd6 36. Rxd6 Bxd6 37. Ra1 Rd5+ 38. Kc2 Be5 39. Ra5 Bf6 40. b4 Be7 41. c4 Rd7 42. bxc5 Rc7 43. b4 Kf7 44. Ne2 g5 45. hxg5 Bxg5 46. Nd4 Kg6 47. c6 Bf6 48. cxb7 Rxb7 49. Kb3 Rd7 50. Rxa6 Kg5 51. Rxf6 Kxf6 52. c5 f4 53. c6 1-0

[Event "35. DSenEM 65+"]
[Site "Bad Wildungen"]
[Date "2023.07.25"]
[Round "9.3"]
[White "Schumacher, Gottfried"]
[Black "Juhnke, Juergen"]
[Result "1/2-1/2"]
[WhiteElo "2147"]
[BlackElo "2253"]
[PlyCount "142"]
[EventDate "2023.??.??"]
[WhiteTeam "Bad Neuenahr"]
[BlackTeam "HSK Lister Turm"]

1. Nf3 Nf6 2. d4 g6 3. c4 Bg7 4. Nc3 O-O 5. Bg5 c5 6. d5 h6 7. Bf4 d6 8. e4 b5 9. cxb5 a6 10. Qd2 g5 11. Bg3 axb5 12. Bxb5 Qa5 13. Be2 Qb4 14. O-O Nh5 15. Rfe1 Nxg3 16. hxg3 Nd7 17. a3 Qb3 18. Bd1 Qb6 19. Rc1 c4 20. Na4 Qb5 21. Nd4 Bxd4 22. Qxd4 Ne5 23. Re3 Rxa4 24. Bxa4 Qxa4 25. f4 Ng4 26. Rf3 Ba6 27. b3 Qxa3 28. Ra1 Qb4 29. Rxa6 Qe1+ 30. Rf1 Qxg3 31. Rf3 Qh2+ 32. Kf1 cxb3 33. Rxb3 Qxf4+ 34. Ke2 Qh2 35. Kf1 f5 36. Rf3 Qh1+ 37. Qg1 Nh2+ 38. Kf2 Qxg1+ 39. Kxg1 Nxf3+ 40. gxf3 fxe4 41. fxe4 Rf4 42. e5 dxe5 43. Rxh6 Rf6 44. Rh5 Rf5 45. Rh6 Rf6 46. Rh5 Rg6 47. Kf2 Kf7 48. Ke3 g4 49. Rxe5 g3 50. Rf5+ Ke8 51. Rf1 g2 52. Rg1 Kd7 53. Kf4 Kd6 54. Kf5 Rg8 55. Ke4 Rg7 56. Kf3 Kxd5 57. Kf2 Ke4 58. Re1+ Kf4 59. Kg1 e5 60. Ra1 e4 61. Ra8 Kf3 62. Rf8+ Ke2 63. Re8 e3 64. Ra8 Rg4 65. Rf8 Kd3 66. Ra8 e2 67. Ra3+ Ke4 68. Ra4+ Kf5 69. Ra5+ Kf4 70. Ra4+ Ke3 71. Ra3+ Kd2 1/2-1/2

[Event "35. DSenEM 65+"]
[Site "Bad Wildungen"]
[Date "2023.07.25"]
[Round "9.4"]
[White "Chevelevitch, Evgueni"]
[Black "Salov, Sergej"]
[Result "1/2-1/2"]
[WhiteElo "2368"]
[BlackElo "2162"]
[PlyCount "75"]
[EventDate "2023.??.??"]
[WhiteTeam "Hamburger SK von 1830 eV"]
[BlackTeam "Luebecker SV von 1873"]

1. e4 c5 2. Nf3 e6 3. d4 cxd4 4. Nxd4 a6 5. c4 Nf6 6. Nc3 Bb4 7. Qd3 d6 8. Nc2 Bxc3+ 9. Qxc3 O-O 10. Bd3 d5 11. e5 Nfd7 12. cxd5 exd5 13. O-O Nc6 14. f4 d4 15. Nxd4 Ndxe5 16. Nxc6 Nxc6 17. Be3 Re8 18. Rf3 Qa5 19. Qxa5 Nxa5 20. Bd4 Nc6 21. Bc3 Be6 22. Rg3 g6 23. h4 Ne7 24. h5 Nf5 25. Rh3 Ng7 26. hxg6 Bxh3 27. gxh3 Kh8 28. gxh7 Rad8 29. Bc4 Kxh7 30. Rf1 f5 31. Rf2 Rd6 32. Be5 Rg6+ 33. Kh1 Ne6 34. Bd3 Rf8 35. Rc2 Rf7 36. b4 Rg8 37. Rh2 b5 38. Bc2 1/2-1/2

[Event "35. DSenEM 65+"]
[Site "Bad Wildungen"]
[Date "2023.07.25"]
[Round "9.5"]
[White "Gruzmann, Boris"]
[Black "Brueggemann, Joachim"]
[Result "1/2-1/2"]
[WhiteElo "2162"]
[BlackElo "2287"]
[PlyCount "81"]
[EventDate "2023.??.??"]
[WhiteTeam "Luebecker SV von 1873"]
[BlackTeam "Erfurter Schachklub"]

1. e4 c5 2. Nf3 Nc6 3. d4 cxd4 4. Nxd4 g6 5. Nc3 Bg7 6. Be3 Nf6 7. Be2 O-O 8. Nb3 d6 9. O-O Be6 10. f4 Rc8 11. Qd2 a6 12. Rae1 Na5 13. f5 Nc4 14. Bxc4 Bxc4 15. Rf3 b5 16. a3 a5 17. Bd4 Qc7 18. h3 Rfd8 19. Qf2 Nd7 20. Bxg7 Kxg7 21. Nd4 Ne5 22. f6+ exf6 23. Rxf6 Qe7 24. Rf4 b4 25. axb4 axb4 26. Nd1 Qb7 27. Ne3 Kg8 28. Ng4 Nxg4 29. Rxg4 Qc7 30. Qf6 Qc5 31. Rg5 d5 32. c3 bxc3 33. bxc3 Rd6 34. Qe7 f6 35. Rg3 dxe4 36. Rxe4 Qc7 37. Nf5 Rd1+ 38. Kh2 Bf7 39. Nh6+ Kg7 40. Nxf7 Rd7 41. Qe6 1/2-1/2

[Event "35. DSenEM 65+"]
[Site "Bad Wildungen"]
[Date "2023.07.25"]
[Round "9.6"]
[White "Schulz, Michael"]
[Black "Knaak, Joachim"]
[Result "1-0"]
[WhiteElo "2229"]
[BlackElo "2121"]
[PlyCount "45"]
[EventDate "2023.??.??"]
[WhiteTeam "SC Zitadelle Spandau 1977 e.V."]
[BlackTeam "SV Dresden-Leuben"]

1. d4 d5 2. Bf4 e6 3. e3 c5 4. Nc3 Bd6 5. dxc5 Bxc5 6. Nb5 Na6 7. Nf3 Nf6 8. c3 O-O 9. Bd3 Bd7 10. a4 h6 11. O-O Bxb5 12. axb5 Nc7 13. Ne5 Bd6 14. Ra4 a6 15. b6 Nb5 16. Bxb5 axb5 17. Nxf7 Rxf7 18. Rxa8 Qxa8 19. Bxd6 Ne4 20. Bc7 Qa6 21. f3 Nf6 22. Qa1 Qxa1 23. Rxa1 1-0

[Event "35. DSenEM 65+"]
[Site "Bad Wildungen"]
[Date "2023.07.25"]
[Round "9.7"]
[White "Rydzewski, Klaus"]
[Black "Koehler, Gerhard"]
[Result "1/2-1/2"]
[WhiteElo "2089"]
[BlackElo "2185"]
[PlyCount "110"]
[EventDate "2023.??.??"]
[WhiteTeam "Schachverein Horst-Emscher 31"]
[BlackTeam "USV Halle"]

1. e4 c5 2. c3 Nf6 3. e5 Nd5 4. Nf3 e6 5. d4 cxd4 6. cxd4 Be7 7. a3 b6 8. Bd3 O-O 9. O-O Ba6 10. Bxa6 Nxa6 11. Nbd2 Nb8 12. Ne4 h6 13. Qd3 Nc6 14. Bd2 f5 15. Nc3 Nxc3 16. Bxc3 d5 17. exd6 Qxd6 18. Rfe1 Bf6 19. Rad1 Qd5 20. Ne5 Bxe5 21. dxe5 Qxd3 22. Rxd3 Rfd8 23. Red1 Rxd3 24. Rxd3 Rd8 25. Rxd8+ Nxd8 26. f4 g5 27. g3 g4 28. Kf2 Kf7 29. Ke3 Ke8 30. Kd4 Kd7 31. b4 Kc6 32. a4 a6 33. Bb2 Nf7 34. Bc3 Nh8 35. Be1 Ng6 36. Bd2 h5 37. Bc3 Ne7 38. Be1 Nd5 39. Bd2 Ne7 40. Be1 Ng6 41. Bd2 h4 42. Be1 h3 43. Bf2 Ne7 44. Be1 Nd5 45. Bd2 Nc7 46. Bc1 a5 47. b5+ Kd7 48. Bd2 Nd5 49. Kc4 Kc7 50. Kd4 Ne7 51. Kc4 Ng6 52. Be1 Nf8 53. Bd2 Nd7 54. Be3 Nf8 55. Kd4 Ng6 1/2-1/2

[Event "35. DSenEM 65+"]
[Site "Bad Wildungen"]
[Date "2023.07.25"]
[Round "9.8"]
[White "Podat, Vladimir"]
[Black "Krueger, Norbert"]
[Result "1/2-1/2"]
[WhiteElo "2265"]
[BlackElo "1971"]
[PlyCount "103"]
[EventDate "2023.??.??"]
[WhiteTeam "SC Untergrombach 46"]
[BlackTeam "Ratinger Schachklub 1950"]

1. d4 d5 2. c4 e6 3. Nf3 Nf6 4. g3 Bb4+ 5. Nbd2 O-O 6. Qc2 a5 7. Bg2 b6 8. O-O Bb7 9. Ne5 Na6 10. cxd5 Bxd5 11. Nc6 Qd7 12. Bxd5 exd5 13. Nf3 Bd6 14. a3 Rfe8 15. Kg2 Nb8 16. Nfe5 Qe6 17. Bf4 Nxc6 18. Qxc6 Bxe5 19. Qxe6 Rxe6 20. dxe5 Nd7 21. Rfd1 c6 22. e4 Nxe5 23. exd5 cxd5 24. Rxd5 Rae8 25. Rc1 h6 26. h3 g5 27. Be3 a4 28. Rc7 Rb8 29. Bd4 Rbe8 30. Ra7 Nc6 31. Rxa4 Nxd4 32. Raxd4 Re2 33. Rd2 Rxd2 34. Rxd2 Re6 35. Rd5 Kf8 36. Rb5 Ke7 37. Kf3 Kd7 38. Kg4 Kc6 39. Rf5 Re2 40. Rxf7 Rxb2 41. Kh5 Rb3 42. Kxh6 Rxa3 43. Kxg5 b5 44. Re7 b4 45. Re2 b3 46. f4 Ra2 47. Re3 Ra3 48. Re8 b2 49. Re6+ Kc5 50. Re5+ Kc4 51. Re4+ Kc5 52. Re5+ 1/2-1/2

[Event "35. DSenEM 65+"]
[Site "Bad Wildungen"]
[Date "2023.07.25"]
[Round "9.9"]
[White "Kannenberg, Karl-Heinz"]
[Black "Schmidt, Bodo"]
[Result "0-1"]
[WhiteElo "2081"]
[BlackElo "2262"]
[Annotator "hugo5"]
[PlyCount "84"]
[EventDate "2023.??.??"]
[WhiteTeam "SC Kitzingen von 1905"]
[BlackTeam "SC 1919 Siegburg e. V."]

{[%evp 0,84,19,-12,30,28,23,13,38,42,14,-11,7,12,13,10,2,8,32,32,32,42,38,43,39,38,34,17,20,5,18,27,34,45,24,-24,-12,-12,-8,-14,-13,-11,-13,-13,-13,-14,-20,-27,-19,-5,0,-14,-20,-8,-8,-64,-15,-8,-12,-78,-78,-116,-107,-113,-99,-90,-70,-71,-71,-69,-81,-90,-67,-181,-208,-212,-219,-237,-238,-255,-255,-253,-239,-246,-260,-272,-288]} 1. c4 c6 2. e4 d5 3. exd5 cxd5 4. cxd5 Nf6 5. Nc3 Nxd5 6. Bc4 Nb6 7. Bb3 Nc6 8. Nf3 Nd4 9. Nxd4 Qxd4 10. Qf3 Qe5+ 11. Qe3 Qxe3+ 12. dxe3 Bd7 13. Nd5 Rc8 14. Nxb6 axb6 15. O-O g6 16. Rd1 Bg7 17. Bxf7+ Kxf7 18. Rxd7 Rhd8 19. Rxd8 Rxd8 20. Kf1 Rd1+ 21. Ke2 Rg1 22. g3 g5 23. h3 h5 24. a4 Ke6 25. Kd2 Rf1 26. Ke2 Rh1 27. Kd2 Rh2 28. Ke2 Be5 29. Bd2 Bxg3 30. Be1 Bd6 31. a5 b5 32. a6 bxa6 33. Rxa6 Rxh3 34. Rb6 g4 35. Rxb5 Rh2 36. Kf1 Rh1+ 37. Ke2 h4 38. Bb4 g3 39. fxg3 Rh2+ 40. Kf3 Rxb2 41. gxh4 Rxb4 42. Rh5 Be5 0-1

[Event "35. DSenEM 65+"]
[Site "Bad Wildungen"]
[Date "2023.07.25"]
[Round "9.10"]
[White "Namyslo, Holger"]
[Black "Clemens, Christian"]
[Result "1-0"]
[WhiteElo "2085"]
[BlackElo "2225"]
[Annotator "hugo5"]
[PlyCount "75"]
[EventDate "2023.??.??"]
[WhiteTeam "TG Biberach 1847 e.V."]
[BlackTeam "SC Braunschweig Gliesmarode 1869"]

{[%evp 0,44,25,28,83,74,85,43,43,11,-9,-52,51,1,-3,14,33,13,35,13,49,32,64,-21,13,-26,-27,-50,-20,-93,-96,-73,-67,-77,-17,-36,-44,-58,11,-2,-1,21,92,85,125,145,159]} 1. e4 Nf6 2. e5 Nd5 3. d4 d6 4. Bc4 Nb6 5. Bb3 d5 6. f4 Bf5 7. Ne2 e6 8. O-O c5 9. c3 Qd7 10. Be3 Na6 11. a4 Nc4 12. Qc1 Bd3 13. Rf2 cxd4 14. cxd4 Rc8 15. Nbc3 Bb4 16. Bxc4 Bxc4 17. Ng3 g6 18. Bd2 O-O 19. f5 exf5 20. Bh6 Rfe8 21. Nxf5 Bd3 22. Ne3 Nc7 23. Qd1 Be4 24. Qb3 Bf8 25. Bxf8 Rxf8 26. Raf1 b6 27. Rf4 Ne6 28. Ncxd5 Bxd5 29. Nxd5 Kg7 30. Nf6 Qd8 31. Rh4 h6 32. d5 Ng5 33. Qe3 Rh8 34. Rhf4 Rf8 35. Qd4 Qc7 36. e6 Qc5 37. Qxc5 bxc5 38. e7 1-0

[Event "35. DSenEM 65+"]
[Site "Bad Wildungen"]
[Date "2023.07.25"]
[Round "9.12"]
[White "Paus, Franz"]
[Black "Hassenrueck, Helmut"]
[Result "1/2-1/2"]
[WhiteElo "2014"]
[BlackElo "2162"]
[Annotator "hugo5"]
[PlyCount "46"]
[EventDate "2023.??.??"]
[WhiteTeam "Schachfuechse Kempen 1986 e. V."]
[BlackTeam "Schachgesellschaft-Gladbeck 19/2"]

{[%evp 0,46,28,16,30,15,21,19,14,-17,-19,-14,-14,1,-12,-13,-13,-40,-15,-20,-18,-18,0,-33,-33,-34,-53,-48,-64,-61,-68,-89,-88,-100,-98,-119,-86,-88,-91,-68,82,68,67,-68,-45,-45,171,0,0]} 1. d4 Nf6 2. Nf3 e6 3. g3 c5 4. c3 d5 5. Bg2 Nc6 6. O-O Bd6 7. dxc5 Bxc5 8. Nbd2 O-O 9. Nb3 Bb6 10. Nbd4 Re8 11. Nxc6 bxc6 12. Ne5 Qc7 13. Bf4 Nh5 14. e3 Nxf4 15. exf4 f6 16. Nd3 e5 17. Nb4 exf4 18. Nxc6 fxg3 19. hxg3 Ba6 20. Qxd5+ Kh8 21. Rfe1 Qxg3 22. Nd4 Qh4 23. Qd7 Rxe1+ 1/2-1/2